| 000 | 00525nam a2200169 i 4500 | ||
|---|---|---|---|
| 001 | 101482 | ||
| 003 | ES-MaACL | ||
| 005 | 20230906182923.0 | ||
| 007 | t| | ||
| 008 | 051019s1927 sp ||||1| spa d | ||
| 100 | 1 |
_aMedina Bravo, M. _979726 |
|
| 245 | 1 | 0 |
_aTierra leonesa _b: ensayo geográfico sobre la provincia de León / _cM. Medina Bravo. |
| 260 |
_aLeón : _bJesús López, _c1927. |
||
| 300 |
_a174 p., 1 map. : _bil. ; _c18 cm. |
||
| 651 | 4 |
_aLeón (Provincia)- _xGeografía. _9158170 |
|
| 852 |
_aES-MaACL _jB-12931 |
||
| 999 |
_c101482 _d101482 |
||